<?xml version="1.0" encoding="UTF-8"?>
<record
    xmlns:xsi="http://www.w3.org/2001/XMLSchema-instance"
    xsi:schemaLocation="http://www.loc.gov/MARC21/slim http://www.loc.gov/standards/marcxml/schema/MARC21slim.xsd"
    xmlns="http://www.loc.gov/MARC21/slim">

  <leader>02230nam a22002657a 4500</leader>
  <controlfield tag="005">20221010113718.0</controlfield>
  <controlfield tag="008">221008b           ||||| |||| 00| 0 eng d</controlfield>
  <datafield tag="020" ind1=" " ind2=" ">
    <subfield code="a">9789355964953</subfield>
  </datafield>
  <datafield tag="040" ind1=" " ind2=" ">
    <subfield code="c">AL</subfield>
  </datafield>
  <datafield tag="041" ind1=" " ind2=" ">
    <subfield code="a">English</subfield>
  </datafield>
  <datafield tag="082" ind1=" " ind2=" ">
    <subfield code="2">23</subfield>
    <subfield code="a">658.0068</subfield>
    <subfield code="b">CHEB</subfield>
  </datafield>
  <datafield tag="100" ind1=" " ind2=" ">
    <subfield code="a">Francis Cherunilam</subfield>
    <subfield code="9">59265</subfield>
  </datafield>
  <datafield tag="245" ind1=" " ind2=" ">
    <subfield code="a">Business Policy and Strategic Management</subfield>
  </datafield>
  <datafield tag="250" ind1=" " ind2=" ">
    <subfield code="a">Rev ed 6</subfield>
  </datafield>
  <datafield tag="260" ind1=" " ind2=" ">
    <subfield code="a">Mumbai</subfield>
    <subfield code="b">Himalaya Publishing House</subfield>
    <subfield code="c">2022</subfield>
  </datafield>
  <datafield tag="300" ind1=" " ind2=" ">
    <subfield code="a">456 p.</subfield>
    <subfield code="b">PB</subfield>
    <subfield code="c">24x18 cm.</subfield>
  </datafield>
  <datafield tag="365" ind1=" " ind2=" ">
    <subfield code="a">4463</subfield>
    <subfield code="b">&#x20B9;558.00</subfield>
    <subfield code="c">&#x20B9;</subfield>
    <subfield code="d">&#x20B9;698.00</subfield>
    <subfield code="e">20%</subfield>
    <subfield code="f">24-09-2022</subfield>
  </datafield>
  <datafield tag="521" ind1=" " ind2=" ">
    <subfield code="a">his book, very comprehensive and concise, explains the subject matter of Business Policy and Strategic Management in the Indian context. The style is very lucid so that even who do not have any academic background of Management can easily follow it.
There is a profuse use of Indian through out the text. The book also contains a number of Case Studies of Indian companies which are illustrative by themselves and are also ideal for discussion in groups.
Several chapters have been modified. Chapter 7 has been enlarged by adding the topics GAP Analysis, Organisational Capability Profile, Strategic Advantage Profile and Balanced Scorecard. Three cases of the previous edition have been deleted and four new ones added.

Contents :
1. Strategic Management: An Introduction
2. Vision, Mission and Objectives
3. Social, Environmental and Economic Responsibilities of Business
4. Corporate Governance
5. Business Environment
6. Environmental Forecasting and Analysis
7. Role of Analyses of SWOT, GAP, OCP, SAP and BS in StrategyFormulation&#xFEFF;
8. Strategy Implementation
9. Strategy and Structure
10. Strategy Evaluation and Control
11. Portfolio Strategy
12. Competitive Analysis and Strategies
13. Corporate Level Generic Strategies
14. Business Growth
15. Mergers and Acquisitions
16. Turnaround Management and Corporate Restructuring
17. Globalisation
18. Functional Strategies
19. Knowledge Management
20. Management of Change

Cases</subfield>
  </datafield>
  <datafield tag="650" ind1=" " ind2=" ">
    <subfield code="a">Business Policy</subfield>
    <subfield code="9">59183</subfield>
  </datafield>
  <datafield tag="650" ind1=" " ind2=" ">
    <subfield code="a">Management</subfield>
    <subfield code="9">59184</subfield>
  </datafield>
  <datafield tag="650" ind1=" " ind2=" ">
    <subfield code="a">Corporate Governance</subfield>
    <subfield code="9">59185</subfield>
  </datafield>
  <datafield tag="650" ind1=" " ind2=" ">
    <subfield code="a">Globalisation</subfield>
    <subfield code="9">59186</subfield>
  </datafield>
  <datafield tag="700" ind1=" " ind2=" ">
    <subfield code="a">CHERUNILAM (Francis)</subfield>
    <subfield code="9">59187</subfield>
  </datafield>
  <datafield tag="942" ind1=" " ind2=" ">
    <subfield code="2">ddc</subfield>
    <subfield code="c">BK</subfield>
  </datafield>
  <datafield tag="999" ind1=" " ind2=" ">
    <subfield code="c">224764</subfield>
    <subfield code="d">224764</subfield>
  </datafield>
  <datafield tag="952" ind1=" " ind2=" ">
    <subfield code="0">0</subfield>
    <subfield code="1">0</subfield>
    <subfield code="2">ddc</subfield>
    <subfield code="4">0</subfield>
    <subfield code="7">0</subfield>
    <subfield code="8">MAN</subfield>
    <subfield code="a">AL</subfield>
    <subfield code="b">AL</subfield>
    <subfield code="d">2022-09-30</subfield>
    <subfield code="e">Biblios Book Point, Surathkal Mangalore 575014</subfield>
    <subfield code="g">558.00</subfield>
    <subfield code="l">0</subfield>
    <subfield code="o">658.0068 CHEB</subfield>
    <subfield code="p">076102</subfield>
    <subfield code="r">2022-10-08 00:00:00</subfield>
    <subfield code="v">698.00</subfield>
    <subfield code="w">2022-10-08</subfield>
    <subfield code="y">BK</subfield>
  </datafield>
</record>
